Kadra FC Barcelony w La Liga 2015/16 - Statystyki

Ogólne statystyki
  • Ten quiz został rozwiązany 103 razy
  • Średni wynik to 15 z 31
Statystyki odpowiedzi
Numer Narodowość Zawodnik % Poprawnych
10 Argentyna Lionel Messi
99%
11 Brazylia Neymar
99%
9 Urugwaj Luis Suarez
98%
1 Niemcy Marc Andre ter Stegen
98%
8 Hiszpania Andres Iniesta
92%
4 Chorwacja Ivan Rakitić
91%
3 Hiszpania Gerard Pique
89%
6 Brazylia Dani Alves
85%
7 Turcja Arda Turan
81%
5 Hiszpania Sergio Busquets
80%
18 Hiszpania Jordi Alba
71%
13 Chile Claudio Bravo
65%
14 Argentyna Javier Mascherano
64%
22 Hiszpania Aleix Vidal
57%
20 Hiszpania Sergi Roberto
51%
17 Maroko Munir
46%
24 Francja Jeremy Mathieu
44%
23 Belgia Thomas Vermaelen
36%
15 Hiszpania Marc Bartra
30%
21 Brazylia Adriano
29%
12 Brazylia Rafinha
29%
2 Brazylia Douglas
26%
25 Hiszpania Jordi Masip Lopez
21%
26 Hiszpania Sergi Samper
12%
37 Hiszpania Carles Alena
9%
19 Hiszpania Sandro Ramirez
9%
34 Kamerun Wilfrid Kaptoum
7%
27 Hiszpania Juan Camara
5%
28 Hiszpania Gerard Gumbau
3%
33 Hiszpania Aitor
2%
36 Hiszpania Dani Romera
2%
Nie znaleziono quizów pasujących do podanych kryteriów
Rozkład punktacji
Procent ludzi z każdym wynikiem
Percentyl według liczby udzielonych odpowiedzi
Twoja historia wyników
Nie rozwiązałeś tego quizu